Metallica Songs: Sudden Death rules - Statistics

General Stats
  • This quiz has been taken 889 times
  • The average score is 11 of 15
Answers on the Grid
Answers color-coded by a green-red scale on the quiz's grid according to % correct below.
Ace of Spades
Aces High
Battery
Children of the Grave
Creeping Death
Fade to Black
Freewheel Burning
Fuel
Hero of the Day
Hit the Lights
I am the Law
In My Darkest Hour
Iron Man
King Nothing
Living After Midnight
Low Man's Lyric
Make me Laugh
Master of Puppets
No Voices in the Sky
Nothing Else Matters
Number of the Beast
Of Wolf and Man
One
Peace Sells
Raining Blood
Seasons in the Abyss
Seek and Destroy
To Live is to Die
Tornado of Souls
Unforgiven
 
Answer Stats
Answer % Correct
Battery
91%
Fuel
90%
Fade to Black
89%
Master of Puppets
87%
Nothing Else Matters
87%
Creeping Death
85%
One
83%
Seek and Destroy
83%
Unforgiven
81%
Hit the Lights
71%
King Nothing
70%
Of Wolf and Man
66%
To Live is to Die
66%
Hero of the Day
55%
Low Man's Lyric
41%
No matching quizzes found
Score Distribution
Percent of People with Each Score
Percentile by Number Answered
Your Score History
You have not taken this quiz